000 00579nam a2200205Ia 4500
003 OSt
005 20220926050014.0
006 a|||||r|||| 00| 0
007 ta
008 220923b |||||||| |||| 00| 0 eng d
037 _cGeneral Book
040 _aRTL
_cRTL
_beng
041 _2eng
_aeng
082 _aX:77.49G.N9, P1/TD3
245 0 _aHUMAN DEVELOPMENT in South Asia, 2001
_b Globalisat
260 _c2002
300 _aOxford The mahbub ul haq development center
_ccm.
942 _hX:77.49G.N9, P1/TD3
_cGB
_2CC
999 _c679219
_d679219